<?xml version="1.0" encoding="UTF-8"?>
<record
    xmlns:xsi="http://www.w3.org/2001/XMLSchema-instance"
    xsi:schemaLocation="http://www.loc.gov/MARC21/slim http://www.loc.gov/standards/marcxml/schema/MARC21slim.xsd"
    xmlns="http://www.loc.gov/MARC21/slim">

  <leader>01201nam a2200205 i 4500</leader>
  <controlfield tag="001">153232</controlfield>
  <controlfield tag="003">ES-MaACL</controlfield>
  <controlfield tag="005">20231222185938.0</controlfield>
  <controlfield tag="008">051013s1881    sp           |||| | fre d</controlfield>
  <datafield tag="245" ind1="0" ind2="0">
    <subfield code="a">Rapport de la section espagnole de la sous-commision lusitano-hispanica pour le coloris des cartes g&#xE9;ologiques.</subfield>
  </datafield>
  <datafield tag="260" ind1=" " ind2=" ">
    <subfield code="a">Madrid : </subfield>
    <subfield code="b">[s.n.], </subfield>
    <subfield code="c">1881 (</subfield>
    <subfield code="f">Imp. de Gregoire Juste)</subfield>
  </datafield>
  <datafield tag="300" ind1=" " ind2=" ">
    <subfield code="a">16 p. ; </subfield>
    <subfield code="c">22 cm.</subfield>
  </datafield>
  <datafield tag="505" ind1="8" ind2=" ">
    <subfield code="a">Contiene: 1&#xE8;re partie ; </subfield>
    <subfield code="t">Roches sedimentaires ou estratifi&#xE9;es au soins / </subfield>
    <subfield code="r">Federico de Botella y de Hornos - 2e partie. -- </subfield>
    <subfield code="t">Roches massives ou non estratifi&#xE9;es au soins / </subfield>
    <subfield code="r">J. Mac-Pherson</subfield>
  </datafield>
  <datafield tag="650" ind1="0" ind2="4">
    <subfield code="a">Geolog&#xED;a-</subfield>
    <subfield code="z">Espa&#xF1;a-</subfield>
    <subfield code="v">Mapas.</subfield>
    <subfield code="9">13090</subfield>
  </datafield>
  <datafield tag="700" ind1="1" ind2=" ">
    <subfield code="a">Mac-Pherson, J. (</subfield>
    <subfield code="d">1839-1902)</subfield>
    <subfield code="9">75045</subfield>
  </datafield>
  <datafield tag="700" ind1="1" ind2=" ">
    <subfield code="a">Botella y de Hornos, Federico de,</subfield>
    <subfield code="d">1822-1899</subfield>
    <subfield code="9">30760</subfield>
  </datafield>
  <datafield tag="852" ind1=" " ind2=" ">
    <subfield code="a">ES-MaACL</subfield>
    <subfield code="j">B-7464(5) </subfield>
    <subfield code="z">- Enc.- hol. con puntas, conservando la enc. original</subfield>
    <subfield code="z">.- Legado de Federico de Botella y de Hornos</subfield>
  </datafield>
  <datafield tag="852" ind1=" " ind2=" ">
    <subfield code="a">ES-MaACL</subfield>
    <subfield code="j">T-1104-F-6 </subfield>
    <subfield code="z">- Enc. hol., conservando la enc. r&#xFA;st. </subfield>
    <subfield code="z">. - Legado de Federico de Botella y de Hornos </subfield>
    <subfield code="z">- Enc. en un vol. facticio </subfield>
    <subfield code="z">Enc. con una h. de l&#xE1;m. pleg.: "Indication des couleurs et signes conventionels"</subfield>
  </datafield>
  <datafield tag="999" ind1=" " ind2=" ">
    <subfield code="c">153232</subfield>
    <subfield code="d">153232</subfield>
  </datafield>
  <datafield tag="952" ind1=" " ind2=" ">
    <subfield code="0">0</subfield>
    <subfield code="1">0</subfield>
    <subfield code="4">0</subfield>
    <subfield code="7">0</subfield>
    <subfield code="8">Colecci&#xF3;n_de_folletos</subfield>
    <subfield code="a">ATENEOM</subfield>
    <subfield code="b">ATENEOM</subfield>
    <subfield code="c">DEPOF</subfield>
    <subfield code="d">2008-01-17</subfield>
    <subfield code="e">DON</subfield>
    <subfield code="l">0</subfield>
    <subfield code="o">T-1104-F-6</subfield>
    <subfield code="p">1160119</subfield>
    <subfield code="r">2023-02-23 00:00:00</subfield>
    <subfield code="w">2023-02-23</subfield>
    <subfield code="y">FOLLETOS</subfield>
  </datafield>
  <datafield tag="952" ind1=" " ind2=" ">
    <subfield code="0">0</subfield>
    <subfield code="1">0</subfield>
    <subfield code="4">0</subfield>
    <subfield code="7">0</subfield>
    <subfield code="8">LIBXIX</subfield>
    <subfield code="a">ATENEOM</subfield>
    <subfield code="b">ATENEOM</subfield>
    <subfield code="c">SPB</subfield>
    <subfield code="d">2008-01-17</subfield>
    <subfield code="e">DON</subfield>
    <subfield code="l">0</subfield>
    <subfield code="o">B-7464(5)</subfield>
    <subfield code="p">1160118</subfield>
    <subfield code="r">2023-02-23 00:00:00</subfield>
    <subfield code="w">2023-02-23</subfield>
    <subfield code="y">MONANT</subfield>
  </datafield>
</record>
